[Event "FRM-ch"]
[Site "Skopje"]
[Date "2019.05.24"]
[Round "5"]
[White "Pancevski, Filip"]
[Black "Veleski, Robert"]
[Result "1-0"]
[WhiteElo "2500"]
[BlackElo "2189"]
[PlyCount "47"]
[EventDate "2019.05.20"]
[EventType "tourn"]
[EventRounds "9"]
[EventCountry "MKD"]
[EventCategory "3"]
[SourceTitle "CBM 190 Extra"]
[Source "ChessBase"]
[SourceDate "2019.07.15"]
[SourceVersion "1"]
[SourceVersionDate "2019.07.15"]
[SourceQuality "1"]

1. e4 c5 2. Nf3 g6 3. g3 Bg7 4. Bg2 Nc6 5. 0-0 d6 6. c3 Bg4 7. h3 Bd7 8. d4 Qc8 9. Kh2 h5 10. Re1 h4 11. g4 Qc7 12. Kg1 0-0-0 13. Na3 f5 14. d5 Ne5 15. exf5 gxf5 16. g5 e6 17. Nxe5 dxe5 18. d6 Qa5 19. Nc4 Qa6 20. Nxe5 Ba4 21. Qf3 Rxd6 22. Nf7 Rd3 23. Rxe6 Bc6 24. Qxf5 1-0

[Event "FRM-ch"]
[Site "Skopje"]
[Date "2019.05.22"]
[Round "3"]
[White "Veleski, Robert"]
[Black "Andonovski, Ljubisa"]
[Result "1/2-1/2"]
[WhiteElo "2189"]
[BlackElo "2276"]
[PlyCount "113"]
[EventDate "2019.05.20"]
[EventType "tourn"]
[EventRounds "9"]
[EventCountry "MKD"]
[EventCategory "3"]
[SourceTitle "CBM 190 Extra"]
[Source "ChessBase"]
[SourceDate "2019.07.15"]
[SourceVersion "1"]
[SourceVersionDate "2019.07.15"]
[SourceQuality "1"]

1. g3 g6 2. Bg2 Bg7 3. c4 c5 4. Nc3 Nc6 5. a3 d6 6. Rb1 Rb8 7. d3 Bd7 8. Nf3 a6 9. Bd2 b5 10. cxb5 axb5 11. b4 cxb4 12. axb4 Nf6 13. 0-0 0-0 14. Qc1 d5 15. Bg5 Be8 16. Nd2 e6 17. Nf3 Qb6 18. e4 d4 19. Ne2 e5 20. Qb2 Ra8 21. Rfc1 Ra4 22. Bd2 Bd7 23. Rxc6 Bxc6 24. Nxe5 Nd7 25. Nxc6 Qxc6 26. f4 Qa6 27. Nc1 Rc8 28. e5 Qa7 29. Bd5 Nf8 30. Ne2 g5 31. Kg2 Rd8 32. Bb3 Ra6 33. Rf1 Ng6 34. Kg1 gxf4 35. gxf4 Nh4 36. Ng3 Qb7 37. Ne4 Rg6+ 38. Kh1 Nf5 39. Qa2 Ra6 40. Bxf7+ Kh8 41. Qb3 Qa8 42. Bc1 Qc6 43. Bb2 Rf8 44. Rg1 Qh6 45. Bc1 Rc6 46. Ng5 Rc3 47. Qe6 Rc2 48. h3 Qxe6 49. Bxe6 Nh4 50. Bb3 Rf2 51. e6 h6 52. Ne4 Rf3 53. Rg3 Rf1+ 54. Rg1 Rf3 55. Rg3 Rf1+ 56. Rg1 Rf3 57. Rg3 1/2-1/2